| 000 | 00633nam a22001817a 4500 | ||
|---|---|---|---|
| 999 |
_c27804 _d27804 |
||
| 003 | BDDh-ASL | ||
| 005 | 20231015030808.0 | ||
| 008 | 211110s2007 b ||||| |||| 00| 0 b d | ||
| 040 |
_aBDDh-ASL _cBDDh-ASL |
||
| 082 |
_a954 _bKAI |
||
| 100 | 1 |
_91612 _aকামাল, শেখ মাসুম |
|
| 245 | 1 | 0 | _aইতিহাসের অন্তরালে ভারতবর্ষ / |
| 246 | _aItihasher Antarale Varatbarsha by Shaikh Masum Kamal. | ||
| 260 |
_aঢাকা : _bনবারগ প্রকাশনী, _c2007. |
||
| 300 |
_a101 p. : _c22 cm. |
||
| 650 | 0 |
_93290 _aHistory of India |
|
| 942 |
_2ddc _cBK |
||